000 00406nam a2200157Ia 4500
008 100122s9999 xx 000 0 und d
082 _b66091
_a150
100 _aSHARMA ROBIN S
245 _aTHE SAINT THE SURFER AND THE CEO
250 _a0
260 _bHAY HOUSE
_c2003
300 _a221
630 _aTHE SAINT THE SURFER AND THE CEO
730 _aTHE SAINT THE SURFER AND THE CEO
942 _cBOOK
999 _c380317
_d380314